00339nam a2200097Ia 4500008004100000020001800041100001900059245011300078260003300191300001700224180315s9999 xx 000 0 und d a9780071804639 aCanfield, Jack cDr. Chee, PeteraCoaching for breakthrough success :bProven techniques for making imposible dreams possible aNew York :b2013cmcGrawHill av, 263 pages